| 000 | 00547nam a2200229Ia 4500 | ||
|---|---|---|---|
| 005 | 20250425162225.0 | ||
| 008 | 250425s9999 xx 000 0 und d | ||
| 020 | _a970150853X | ||
| 041 | _aspa | ||
| 082 | _a333.7 | ||
| 100 | _aGILPIN, ALAN | ||
| 245 | 0 | _aECONOMIA AMBIENTAL: UN ANALISIS CRITICO | |
| 250 | _a1A ED. | ||
| 260 | _aMEXICO | ||
| 260 |
_aMéxico _bALFAOMEGA _c2003 |
||
| 300 | _a334 | ||
| 650 | _aDESARROLLO SOSTENIBLE | ||
| 650 | _aECONOMIA AMBIENTAL | ||
| 650 | _aOFERTA Y DEMANDA | ||
| 942 | _c01 | ||
| 010 | _a57876 | ||
| 999 |
_c224876 _d224876 |
||